000 01395nam0a2200325 4500
001 RU\NLR\BIBL_A\022707704
005 20260215051628.0
010 _a978-5-00258-935-7
_9300
035 _a(NLR Aleph) 022707704
090 _a13552805
_c13552805
100 _a20260123d2025 u y0rusy50 ca
101 0 _arus
102 _aRU
105 _aa j 000yy
181 0 _ai
_baxxe
182 0 _an
200 1 _aС элайнерами на "ты"
_eпрактическое руководстводля ортодонтов
_fПаргалашвили Мариам Малхазовна
203 _aТекст
_bвизуальный
_cнепосредственный
210 _aМосква
_cИзд-во Перо
_d2025
215 _a272, [1] с.
_cил., цв. ил., табл.
_d25
300 _aКн. содержит QR-коды ссылок на доп. информ.
320 _aБиблиогр.: с. 269˜–271 (58 назв.)
333 _a16+
606 1 _aПрикус
_jПрактические пособия
_xАномалии
_xОртодонтическое лечение
_xПрименение элайнеров
_92449574
_3RU\NLR\AUTH\6601674202
686 1 _aР668.505.3-с5я77
700 1 _aПарлагашвили
_bМ. М.
_gМариам Малхазовна
942 _cUNSPEC
980 _aNB